Parménides

Saved in:
Bibliografiske detaljer
Hovedforfatter: Aira, César (Author)
Format: Bog
Sprog:spansk
Udgivet: Buenos Aires Mondadori 2006
Udgivelse:1a. ed
Serier:Literatura Mondadori
Fag:
Tags: Tilføj Tag
Ingen Tags, Vær først til at tagge denne postø!

MARC

LEADER 00000nam a2200000 a 4500
001 UCJ2686
003 CL-VaPUC
008 070112e20060000AG |||||||||||||||||spa|d
020 |a 9879397495 
082 0 4 |a Ar863  |b AIR  |2 21 
100 0 |a Aira, César  |e author  |9 503607 
245 1 0 |a Parménides 
250 |a 1a. ed 
300 |a 125 p 
942 |c BK 
945 |d 20070112 00:00:00  |a cmena 
260 |a Buenos Aires  |b Mondadori  |c 2006 
650 7 |a PROSAS ARGENTINAS  |2 CL-VaPUC  |9 376871 
650 0 |a Literatura argentina  |9 320596 
583 |a last modification  |c 20070112 00:00:00  |k Rodrigo Vera 
490 0 |a Literatura Mondadori 
999 |c 318825  |d 318823 
952 |0 0  |1 0  |4 0  |6 AR_863_000000000000000_AIR_2006  |7 0  |8 A  |9 396970  |a FDOPOS  |b FDOPOS  |d 2019-11-22  |i 4303482  |o Ar863 AIR 2006  |p 4303482  |r 2025-01-22  |w 2019-11-22  |y BK  |k MLH